Malaysia : firm competitiveness, investment climate, and growth.
| Format: | Book |
|---|---|
| Published: |
[S.l]:
The World Bank,
2005.
|
| Subjects: |
| LEADER | 00523cam a2200157 7i4500 | ||
|---|---|---|---|
| 001 | 0000019477 | ||
| 005 | 20070626090000.0 | ||
| 090 | 0 | 0 | |a M 338.7 |b MAL |
| 245 | 0 | 0 | |a Malaysia : |b firm competitiveness, investment climate, and growth. |
| 260 | 0 | 0 | |a [S.l]: |b The World Bank, |c 2005. |
| 300 | # | # | |a 212 p. |
| 650 | 0 | 0 | |a Investments -- |z Malaysia |
| 650 | 0 | 0 | |a Competitiveness -- |z Malaysia |
| 651 | 0 | 0 | |a Malaysia |
| 999 | |a 0000020258 |b Book |c Malaysia |e Business Information Centre | ||
| 999 | |a 0000020257 |b Book |c Malaysia |e Business Information Centre | ||